WWF Royal Rumble 1997 Entrants Quiz - Statistics

General Stats
  • This quiz has been taken 270 times
  • The average score is 20 of 30
Answer Stats
EN Answer EL % Correct
5 Stone Cold Steve Austin W
97%
21 Bret Hart 29
94%
23 Fake Diesel 28
93%
30 The Undertaker 27
93%
13 Owen Hart 17
88%
12 Hunter Hearst Helmsley 12
84%
25 Rocky Maivia 23
80%
28 Vader 26
77%
3 Fake Razor Ramon 1
75%
14 Goldust 13
74%
26 Mankind 25
74%
8 The British Bulldog 8
74%
18 Faarooq 15
72%
2 Ahmed Johnson 2
70%
6 Bart Gunn 5
69%
1 Crush 3
65%
29 Henry O. Godwinn 22
63%
22 Jerry Lawler 20
62%
19 Savio Vega 18
56%
27 Flash Funk 21
55%
7 Jake "The Snake" Roberts 6
55%
4 Phineas I. Godwinn 4
55%
20 Jesse James 19
54%
24 Terry Funk 24
54%
10 The Sultan 7
52%
16 Marc Mero 16
50%
11 Mil Mascaras 11
46%
17 Latin Lover 14
43%
15 Cibernetico 9
38%
9 Pierroth 10
37%
No matching quizzes found
Score Distribution
Percent of People with Each Score
Percentile by Number Answered
Your Score History
You have not taken this quiz